| 000 | 00746nam a2200193 a 4500 | ||
|---|---|---|---|
| 005 | 20210219150532.0 | ||
| 008 | 991125s1969 mx 000 0 spa u | ||
| 035 | _aUPN01000016099 | ||
| 049 | _aF | ||
| 050 | 4 |
_aAS63 _bG45 |
|
| 100 | 1 |
_aAlvarez Barret, Luis, _d1901-1981 |
|
| 245 | 1 | 0 |
_aDiscurso pronunciado en la celebración del primer centenario de la ley que estableció la enseñanza de la geografía en México / _cLuis Alvarez Barret. |
| 260 |
_aMéxico : _bSociedad Mexicana de Geografía y Estadística, _c1969. |
||
| 300 | _ap. 51-53 | ||
| 500 | _aEn: Boletín, t.108 (1er. semestre de 1969) | ||
| 610 | 2 | 4 | _aSOCIEDAD MEXICANA DE GEOGRAFIA Y ESTADISTICA |
| 650 | 4 |
_aGEOGRAFIA - _xESTUDIO Y ENSEÑANZA - _xLEGISLACION |
|
| 905 | _aLibro | ||
| 999 |
_c16099 _d16099 |
||